02238nam a22002417a 450000500170000000800410001702000240005802000320008204000500011404100080016424501090017226000330028130000390031450513810035365000550173465000190178965000190180865000180182765000390184565300360188465300350192070000410195520260226143839.0260226b           ||||| |||| 00| 0 eng d  a9781495019098 (V.6)  a9781495045769 (V.6 Folleto)  aCO-BoUCMbspacSandra PalaciodSandra Palacio  aeng  aThe singer's musical theatre anthologybbaritone/Bass. Volumen 6cCompiled and edited by Richard Walters  aMilwaukeebHal Leonardc2008  aPartituras, 247 páginasbfolleto  rA continuación se listan los musicales (en letra mayúscula sostenida) con sus respectivas canciones (en letra minúscula):
THE ADDAMS FAMILY	Happy/Sad
BABY	At Night She Comes Home to Me
BIG FISH	Fight the Dragons
CATCH ME IF YOU CAN	Fifty Checks
CHAPLIN	The Life That You Wished For
CHAPLIN	Where Are All the People?
COMPANY	Multitudes of Amys (cut)
DEATH TAKES A HOLIDAY	Alive!
DEATH TAKES A HOLIDAY	Roberto’s Eyes
DEATH TAKES A HOLIDAY	I Thought That I Could Live
DICK TRACY (film)	Live Alone and Like It
EVENING PRIMROSE (television)	If You Can Find Me, I’m Here
FALSETTOS	Marriage Proposal
FIRST DATE	I’d Order Love
THE FROGS	Fear No More
A FUNNY THING HAPPENED ON THE WAY TO THE FORUM	Everybody Ought to Have a Maid
HONEYMOON IN VEGAS	Out of the Sun
HONEYMOON IN VEGAS	Come to an Agreement
IN THE HEIGHTS	Inútil
JOHN & JEN	It Took Me a While
THE LITTLE MERMAID	Fathoms Below
A LITTLE NIGHT MUSIC	You Must Meet My Wife
LITTLE WOMEN	How I Am
LOVE NEVER DIES	Why Does She Love Me?
PASSION	Is This What You Call Love?
PASSION	No One Has Ever Loved Me
ROAD SHOW	Talent
SEUSSICAL THE MUSICAL	How Lucky You Are
SHREK THE MUSICAL	When Words Fail
STOP THE WORLD – I WANT TO GET OFF	Gonna Build a Mountain
SWEENEY TODD	Pretty Women
WOMEN ON THE VERGE OF A NERVOUS BREAKDOWN	Yesterday, Tomorrow and Today
YOUNG FRANKENSTEIN	The Brain
YOUNG FRANKENSTEIN	Man About Town  aMusicalesvExtractosvPartituras vocales con piano  aTeatro musical  aMúsica vocal  aBajo continuo  aMúsicavMateriales audiovisuales  aCanciones (voz media) con piano  aCanciones (voz baja) con piano  aWalters, Richardecompiladoreeditor